The technique of film and video editing : history, theory, and practice / (Record no. 1629)

000 -LEADER
fixed length control field 01042cam a2200301 a 4500
001 - CONTROL NUMBER
control field 16441751
003 - CONTROL NUMBER IDENTIFIER
control field OSt
005 - DATE AND TIME OF LATEST TRANSACTION
control field 20150416185925.0
008 - FIXED-LENGTH DATA ELEMENTS--GENERAL INFORMATION
fixed length control field 100831s2011 nyua b 001 0 eng
010 ## - LIBRARY OF CONGRESS CONTROL NUMBER
LC control number 2010035589
020 ## - INTERNATIONAL STANDARD BOOK NUMBER
International Standard Book Number 9780240813974 (alk. paper)
040 ## - CATALOGING SOURCE
Original cataloging agency DLC
Transcribing agency DLC
Modifying agency DLC
042 ## - AUTHENTICATION CODE
Authentication code pcc
050 00 - LIBRARY OF CONGRESS CALL NUMBER
Classification number TR899.D26 2011
082 00 - DEWEY DECIMAL CLASSIFICATION NUMBER
Classification number 778.5/35
Edition number 22
100 1# - MAIN ENTRY--PERSONAL NAME
Personal name Dancyger, Ken.
245 14 - TITLE STATEMENT
Title The technique of film and video editing : history, theory, and practice /
Statement of responsibility, etc Ken Dancyger
250 ## - EDITION STATEMENT
Edition statement 5th ed.
260 ## - PUBLICATION, DISTRIBUTION, ETC. (IMPRINT)
Place of publication, distribution, etc New York :
Name of publisher, distributor, etc Focal Press,
Date of publication, distribution, etc c2011.
300 ## - PHYSICAL DESCRIPTION
Extent xxv, 459 p. :
Other physical details ill. ;
Dimensions 24 cm.
504 ## - BIBLIOGRAPHY, ETC. NOTE
Bibliography, etc Includes bibliographical references and index.
650 #0 - SUBJECT ADDED ENTRY--TOPICAL TERM
Topical term or geographic name as entry element Motion pictures
General subdivision Editing.
650 #0 - SUBJECT ADDED ENTRY--TOPICAL TERM
Topical term or geographic name as entry element Video tapes
General subdivision Editing.
650 #0 - SUBJECT ADDED ENTRY--TOPICAL TERM
Topical term or geographic name as entry element Digital video
General subdivision Editing.
906 ## - LOCAL DATA ELEMENT F, LDF (RLIN)
a 7
b cbc
c orignew
d 1
e ecip
f 20
g y-gencatlg
942 ## - ADDED ENTRY ELEMENTS (KOHA)
Source of classification or shelving scheme
Koha item type Book
Holdings
Withdrawn status Lost status Source of classification or shelving scheme Damaged status Not for loan Home library Current library Shelving location Date acquired Total Checkouts Full call number Barcode Date last seen Date checked out Copy number Price effective from Koha item type
          Riara University Library Riara University Library General stack 16/04/2015 3 TR899.D26 2011 5604/15 14/06/2016 31/05/2016 C.1 16/04/2015 Book
          Riara University Library Riara University Library General stack 16/04/2015   TR899.D26 2011 5605/15 16/04/2015   C.2 16/04/2015 Book
          Riara University Library Riara University Library General stack 16/04/2015   TR899.D26 2011 5606/15 16/04/2015   C.3 16/04/2015 Book

Riara University Library,
P.O. Box 49940-00100,
Nairobi, Kenya.